All animals in theHunter:Classic - Statistics

General Stats
  • This quiz has been taken 5 times
  • The average score is 28 of 87
Answer Stats
Map Animal % Correct
Timbergold Trails Gray Wolf
80%
Redfeather Falls Moose
80%
Hemmeldal Moose
80%
Whiterime Ridge Moose
80%
Hirschfelden Red Deer
80%
Val-Des-Bois Red Deer
80%
Hirschfelden Red Fox
80%
Hemmeldal Red Fox
80%
Val-Des-Bois Red Fox
80%
Bushrangers Run Red Fox
80%
Hemmeldal Reindeer
80%
Timbergold Trails Bighorn Sheep
60%
Whitehart Island Bobcat
60%
Loggers Point Bobcat
60%
Settler Creeks Bobcat
60%
Rougarou Bayou Bobcat
60%
Hemmeldal Brown Bear
60%
Val-Des-Bois Brown Bear
60%
Whitehart Island Coyote
60%
Loggers Point Coyote
60%
Rougarou Bayou Mallard
60%
Settler Creeks Black Bear
40%
Redfeather Falls Black Bear
40%
Rougarou Bayou Black Bear
40%
Hirschfelden Fallow Deer
40%
Timbergold Trails Grizzly Bear
40%
Loggers Point Mule Deer
40%
Timbergold Trails Mule Deer
40%
Loggers Point Pheasant
40%
Hirschfelden Pheasant
40%
Whiterime Ridge Polar Bear
40%
Timbergold Trails Puma
40%
Val-Des-Bois Rock Ptarmigan
40%
Hirschfelden Roe Deer
40%
Hemmeldal Roe Deer
40%
Val-Des-Bois Roe Deer
40%
Whitehart Island Roosevelt Elk
40%
Settler Creeks Roosevelt Elk
40%
Redfeather Falls Roosevelt Elk
40%
Whitehart Island Turkey
40%
Settler Creeks Turkey
40%
Hirschfelden Wild Boar
40%
Whiterime Ridge Arctic Fox
20%
Bushrangers Run Axis Deer
20%
Piccabeen Bay Banteng
20%
Whiterime Ridge Bison
20%
Whitehart Island Blacktail Deer
20%
Redfeather Falls Blacktail Deer
20%
Hirschfelden Canada Goose
20%
Loggers Point Cottontail Rabbit
20%
Settler Creeks Cottontail Rabbit
20%
Whiterime Ridge Dall Sheep
20%
Hemmeldal Eurasian Lynx
20%
Val-Des-Bois European Rabbit
20%
Bushrangers Run European Rabbit
20%
Bushrangers Run Feral Goat
20%
Bushrangers Run Red Kangaroo
20%
Piccabeen Bay Water Buffalo
20%
Event Animal (Halloween) Werewolf
20%
Whitehart Island Whitetail Deer
20%
Loggers Point Whitetail Deer
20%
Settler Creeks Whitetail Deer
20%
Redfeather Falls Whitetail Deer
20%
Rougarou Bayou Whitetail Deer
20%
Hemmeldal Willow Ptarmigan
20%
Val-Des-Bois Alpine Ibex
0%
Rougarou Bayou American Black Duck
0%
Loggers Point Feral Hog
0%
Settler Creeks Feral Hog
0%
Rougarou Bayou Feral Hog
0%
Bushrangers Run Feral Hog
0%
Piccabeen Bay Feral Hog
0%
Rougarou Bayou Gadwall
0%
Piccabeen Bay Magpie Goose
0%
Rougarou Bayou Northern Pintail
0%
Timbergold Trails Rocky Mountain Elk
0%
Event Animal (April Fools) Roebit
0%
Piccabeen Bay Rusa Deer
0%
Piccabeen Bay Sambar Deer
0%
Whiterime Ridge Sitka Deer
0%
Whiterime Ridge Snow Goose
0%
Whiterime Ridge Snowshoe Hare
0%
Event Animal (Halloween) Wendigo
0%
Timbergold Trails White Tailed Ptarmigan
0%
Hirschfelden Wood Grouse
0%
Hemmeldal Wood Grouse
0%
Val-Des-Bois Wood Grouse
0%
No matching quizzes found
Score Distribution
Percent of People with Each Score
Percentile by Number Answered
Your Score History
You have not taken this quiz